En el bosque / (Record no. 122649)

MARC details
000 -LEADER
campo de control de longitud fija 00694nam a2200229 4500
001 - NÚMERO DE CONTROL
campo de control 122649
003 - IDENTIFICADOR DE NÚMERO DE CONTROL
campo de control ES-MaACL
005 - FECHA Y HORA DE LA ÚLTIMA TRANSACCIÓN
campo de control 20250803092546.0
007 - CAMPO FIJO DE DESCRIPCIÓN FÍSICA--INFORMACIÓN GENERAL
campo de control de longitud fija t|
008 - DATOS DE LONGITUD FIJA--INFORMACIÓN GENERAL
campo de control de longitud fija 070214s1985 sp r ||||1| spa d
020 ## - NÚMERO INTERNACIONAL ESTÁNDAR DEL LIBRO
Número Internacional Estándar del Libro 84-85762-54-1
100 1# - ENTRADA PRINCIPAL--NOMBRE DE PERSONA
Nombre de persona Puig, Valentí.
9 (RLIN) 94246
245 10 - MENCIÓN DEL TÍTULO
Título En el bosque /
Mención de responsabilidad, etc. Valentí Puig ; traducción de J. J. Cercas.
260 ## - PUBLICACIÓN, DISTRIBUCIÓN, ETC.
Lugar de publicación, distribución, etc. Madrid :
Nombre del editor, distribuidor, etc. Trieste,
Fecha de publicación, distribución, etc. 1985.
300 ## - DESCRIPCIÓN FÍSICA
Extensión 151 p. ;
Dimensiones 17 cm.
490 1# - MENCIÓN DE SERIE
Mención de serie Biblioteca de autores españoles ;
Designación de volumen o secuencia 31
700 1# - ENTRADA AGREGADA--NOMBRE PERSONAL
Nombre de persona Cercas, J. J.
9 (RLIN) 37444
830 00 - PUNTO DE ACCESO ADICIONAL DE SERIE-TÍTULO UNIFORME
Título uniforme Biblioteca de autores españoles (Trieste)
Designación de volumen o secuencia 31
9 (RLIN) 235635
852 ## - LOCALIZACIÓN
Ubicación ES-MaACL
Número de control de estantería L-10331
Sublocalización o colección R.111872
942 ## - ELEMENTOS DE ENTRADA SECUNDARIOS (KOHA)
Fuente del sistema de clasificación o colocación Clasificación decimal universal
Holdings
Estatus retirado Estado de pérdida Estado de daño No para préstamo Biblioteca de origen Biblioteca actual Ubicación en estantería Fecha de adquisición Fuente de adquisición Total de préstamos Signatura topográfica completa Código de barras Visto por última vez Precio de reemplazo Tipo de ítem Koha
        Biblioteca del Ateneo de Madrid Biblioteca del Ateneo de Madrid Depósito 2 17/01/2008     L-10331 1127802 23/02/2023 23/02/2023 Libro impreso